000 02034nam a2200445 a 4500
001 ebr10613486
003 CaPaEBR
006 m u
007 cr cn|||||||||
008 080822r20091931inua sb 001 0 eng d
010 _z 2008037404
020 _z9780865976191 (hardcover : alk. paper)
020 _z0865976198 (hardcover : alk. paper)
020 _z9780865976207 (pbk. : alk. paper)
020 _z0865976201 (pbk. : alk. paper)
020 _z9781614878537 (e-book)
040 _aCaPaEBR
_cCaPaEBR
035 _a(OCoLC)416526611
041 1 _aeng
_hlat
050 1 4 _aK457.P8
_bE42713 2009eb
082 0 4 _a340/.112
_222
100 1 _aPufendorf, Samuel,
_cFreiherr von,
_d1632-1694.
240 1 0 _aElementorum jurisprudentiae universalis libri duo.
_lEnglish
245 1 0 _aTwo books of the Elements of universal jurisprudence
_h[electronic resource] /
_cSamuel Pufendorf ; translated by William Abbott Oldfather, 1931 ; revised by Thomas Behme ; edited and with an introduction by Thomas Behme.
260 _aIndianapolis :
_bLiberty Fund,
_c2009.
300 _axxii, 425 p. :
_bill.
440 0 _aNatural law and enlightenment classics
490 1 _aThe works of Samuel Pufendorf
500 _aOriginally published: Elementorum jurisprudentiae universalis libri duo. Oxford : Clarendon Press ; London : H. Milford, 1931.
504 _aIncludes bibliographical references (p. 399-406) and index.
533 _aElectronic reproduction.
_bPalo Alto, Calif. :
_cebrary,
_d2011.
_nAvailable via World Wide Web.
_nAccess may be limited to ebrary affiliated libraries.
650 0 _aNatural law.
650 0 _aLaw
_xPhilosophy.
655 7 _aElectronic books.
_2local
700 1 _aOldfather, William Abbott,
_d1880-1945.
700 1 _aBehme, Thomas.
710 2 _aebrary, Inc.
800 1 _aPufendorf, Samuel,
_cFreiherr von,
_d1632-1694.
_tWorks.
_lEnglish.
_f2002.
856 4 0 _uhttp://site.ebrary.com/lib/rucke/Doc?id=10613486
_zAn electronic book accessible through the World Wide Web; click to view
999 _c205096
_d205096